NFL Teams Without Red And Blue - Statistics

General Stats
  • This quiz has been taken 987 times
  • The average score is 9 of 11
Answer Stats
Football Team % Correct
Green Bay Packers
86%
New York Jets
86%
Cleveland Browns
85%
Minnesota Vikings
84%
Oakland Raiders
84%
Cincinnati Bengals
83%
New Orleans Saints
81%
Baltimore Ravens
80%
Philadelphia Eagles
80%
Pittsburgh Steelers
73%
Los Angeles Rams
34%
No matching quizzes found
Score Distribution
Percent of People with Each Score
Percentile by Number Answered
Your Score History
You have not taken this quiz